Hmotná zodpovednosť zamestnanca

Právna úprava hmotnej zodpovednosti zamestnanca. Uzavretie dohody o hmotnej zodpovednosti, podstatné náležitosti dohody. Odmietnutie podpísania dohody zamestnancom.

Gespeichert in:
Bibliographische Detailangaben
1. Verfasser: Žuľová, Jana
Format: Buchkapitel
Sprache:Slowakisch
Schlagworte:
Tags: Tag hinzufügen
Keine Tags, Fügen Sie das erste Tag hinzu!

MARC

LEADER 00000naa a2200000 4500
001 0194875
005 20231120134409.8
041 0 |a slo 
044 |a SK 
245 1 0 |a Hmotná zodpovednosť zamestnanca  |c Jana Žuľová 
520 |a Právna úprava hmotnej zodpovednosti zamestnanca. Uzavretie dohody o hmotnej zodpovednosti, podstatné náležitosti dohody. Odmietnutie podpísania dohody zamestnancom. 
610 2 0 |a zamestnanci 
610 2 0 |a zodpovednosť hmotná 
610 2 0 |a dohody 
610 2 0 |a úpravy právne 
100 1 |a Žuľová, Jana